000
00287nam a22001337a 4500
082
_a
823
_b
SHA/A
100
_a
SHAKESPEARE
245
_a
ANTONY AND CLEOPATRA
250
_a
1
260
_a
AVON
_b
CHERRYTREE BOOK
_c
1993
300
_a
31
650
_a
ENGLISH SHORT STORY
_z
AVON
942
_c
BK
999
_c
3485
_d
3485